000 00598nam a2200241Ia 4500
003 OSt
005 20220918193142.0
006 a|||||r|||| 00| 0
007 ta
008 220917b |||||||| |||| 00| 0 eng d
024 _a72,070
037 _cTextual
040 _aARTS
_cARTS
_beng
041 _2eng
_aeng
082 _aR6x, M7
100 _aNayak G C
245 0 _aPhilosophical reflections
260 _aDelhi
_bMotilal
_c1987
300 _avii, 166p.
_ccm.
650 _aINDIAN PHILOSOPHY
942 _hR6x, M7
_cTEXL
_2CC
999 _c198108
_d198108